| 000 | 00350cam a22001217a 4500 | ||
|---|---|---|---|
| 008 | 180718b1981 xxu||||| |||| 00| 0 eng d | ||
| 082 | _aN21x73 Sa83 | ||
| 100 | _aSatish, Kumar | ||
| 245 |
_aCIA and the third world: a study in crypto-diplomacy _cby Satish Kumar |
||
| 260 |
_aDelhi _bVikas _c1981 |
||
| 300 | _a200p. | ||
| 650 | _aSecret service - U.S.A. | ||
| 999 |
_c353659 _d353659 |
||